Seminar on Cost Studies in Agriculture; (Record no. 76825)

MARC details
000 -LEADER
fixed length control field 01136cam a22002891 4500
001 - CONTROL NUMBER
control field sa 67007860
003 - CONTROL NUMBER IDENTIFIER
control field DLC
005 - DATE AND TIME OF LATEST TRANSACTION
control field 20260227112419.0
008 - FIXED-LENGTH DATA ELEMENTS--GENERAL INFORMATION
fixed length control field 810518s1961 ii 100 0 eng
010 ## - LIBRARY OF CONGRESS CONTROL NUMBER
LC control number sa 67007860
025 ## - OVERSEAS ACQUISITION NUMBER
Overseas acquisition number PL480:I-E-7879
035 ## - SYSTEM CONTROL NUMBER
System control number (OCoLC)7428344
040 ## - CATALOGING SOURCE
Original cataloging agency DLC
Transcribing agency MnSU
Modifying agency MnSU
-- DLC
042 ## - AUTHENTICATION CODE
Authentication code premarc
050 00 - LIBRARY OF CONGRESS CALL NUMBER
Classification number S560
Item number .S48 1960
082 ## - DEWEY DECIMAL CLASSIFICATION NUMBER
Classification number 658.1/5963
111 2# - MAIN ENTRY--MEETING NAME
Meeting name or jurisdiction name as entry element Seminar on Cost Studies in Agriculture
Date of meeting or treaty signing (1960 :
Location of meeting Matheran)
245 00 - TITLE STATEMENT
Title Seminar on Cost Studies in Agriculture;
Remainder of title [proceedings, reports of discussions, and papers].
260 ## - PUBLICATION, DISTRIBUTION, ETC.
Place of publication, distribution, etc. Bombay,
Name of publisher, distributor, etc. Indian Society of Agricultural Economics
Date of publication, distribution, etc. [1961]
300 ## - PHYSICAL DESCRIPTION
Extent vii, 177 p.
Dimensions 25 cm.
490 1# - SERIES STATEMENT
Series statement Indian Society of Agricultural Economics. Seminar series,
Volume/sequential designation 3
500 ## - GENERAL NOTE
General note "Organised jointly by the Indian Society of Agricultural Economics and the Indian Society of Agricultural Statistics."
650 #0 - SUBJECT ADDED ENTRY--TOPICAL TERM
Topical term or geographic name entry element Farm management
Form subdivision Congresses.
710 2# - ADDED ENTRY--CORPORATE NAME
Corporate name or jurisdiction name as entry element Indian Society of Agricultural Economics.
710 2# - ADDED ENTRY--CORPORATE NAME
Corporate name or jurisdiction name as entry element Indian Society of Agricultural Statistics.
830 #0 - SERIES ADDED ENTRY--UNIFORM TITLE
Uniform title Seminar series (Indian Society of Agricultural Economics) ;
Volume/sequential designation 3.

No items available.

Powered by Koha